Statistics for Pocahontas: Colors of the Wind Lyrics

Click here to take the quiz!

General Stats

  • This quiz has been taken 292 times
    (287 since last reset)
  • The average score is 268 of 312

Answer Stats

Answer % Correct
the
99%
you
99%
the
99%
the
99%
you
99%
the
99%
the
99%
You
99%
the
99%
the
99%
the
99%
you
99%
you
99%
you
99%
a
99%
You
99%
a
99%
a
99%
you
99%
the
99%
the
99%
a
99%
the
99%
you
99%
you
99%
the
99%
the
99%
the
99%
the
99%
the
99%
the
99%
the
99%
the
99%
You
99%
the
99%
the
99%
You
99%
the
99%
you
99%
a
99%
the
99%
you
99%
the
99%
the
99%
the
99%
The
99%
the
99%
a
99%
a
99%
the
99%
The
99%
a
99%
you
99%
you
99%
you
99%
the
99%
you
99%
The
99%
You
99%
You
99%
of
98%
of
98%
I
98%
of
98%
of
98%
of
98%
of
98%
of
98%
I
98%
I
98%
of
98%
of
98%
wind
97%
wind
97%
wind
97%
wind
97%
colors
96%
colors
96%
colors
96%
colors
96%
can
95%
all
95%
all
95%
can
95%
can
95%
all
95%
all
95%
can
95%
all
95%
all
95%
all
95%
all
95%
Can
95%
Can
95%
All
95%
Can
95%
all
95%
with
94%
with
94%
with
94%
with
94%
with
94%
with
94%
an
94%
he
92%
moon
92%
And
92%
moon
92%
and
92%
paint
92%
and
92%
paint
92%
and
92%
And
92%
And
92%
and
92%
And
92%
and
92%
and
92%
paint
92%
paint
92%
think
91%
wolf
91%
think
91%
on
91%
wolf
91%
think
91%
ever
91%
think
91%
to
90%
to
90%
to
90%
is
90%
to
90%
to
90%
is
90%
blue
90%
blue
90%
is
90%
hear
89%
know
89%
know
89%
know
89%
know
89%
Are
88%
cry
88%
own
88%
own
88%
are
88%
are
88%
are
88%
are
88%
own
88%
are
88%
cry
88%
never
87%
Have
87%
never
87%
Earth
87%
Or
87%
corn
87%
Earth
87%
Earth
87%
corn
87%
Earth
87%
or
87%
never
87%
never
87%
mountain
87%
never
87%
never
87%
mountain
87%
land
87%
land
87%
But
86%
But
86%
if
86%
But
86%
If
86%
If
86%
tree
85%
it
85%
it
85%
be
83%
what
83%
you'll
83%
why
83%
people
83%
people
83%
sing
83%
people
83%
you'll
83%
just
83%
thing
83%
every
83%
like
83%
look
83%
You'll
83%
sing
83%
be
83%
How
83%
you'll
83%
How
83%
rock
82%
that
82%
voices
82%
voices
82%
who
82%
that
82%
who
82%
only
82%
me
80%
whatever
80%
bobcat
80%
so
80%
so
80%
heard
80%
knew,
80%
knew
80%
so
80%
has
80%
has
80%
Has
80%
claim
80%
dead
80%
We
79%
We
79%
we
79%
in
79%
we
79%
life,
79%
name
79%
spirit,
79%
In
79%
in
79%
savage
78%
savage
78%
creature
78%
walk
77%
don't
77%
asked
77%
still
77%
I'm
77%
still
77%
my
77%
my
77%
grinning
77%
there
77%
don't
77%
stranger
76%
learn
76%
see
76%
things
76%
For
75%
then
75%
for
75%
footsteps
74%
friends
74%
one
73%
down
72%
much
72%
cut
72%
otter
71%
ignorant
71%
high
71%
brothers
70%
grow?
70%
sun-
69%
connected
69%
must
69%
river
69%
ends
69%
until
68%
Come
68%
each
68%
circle
68%
grinned
68%
berries
68%
Come
68%
sycamore
68%
other
68%
Come
68%
guess
67%
wonder
67%
white
66%
forest
66%
cannot
66%
around
66%
been
66%
run
66%
riches
65%
once
65%
many
65%
you've
65%
skinned
64%
roll
64%
sweet
64%
worth
64%
will
64%
hoop
64%
places
64%
taste
63%
heron
63%
copper
63%
hidden
62%
trails
61%
need
61%
need
61%
whether
61%
they're
61%
pine
60%
rainstorm
56%

Score Distribution

Percentile by Number Answered

Percent of People with Each Score

Your Score History

You have not taken this quiz since the last reset